Govt. of
Madhya Pradesh

Hindu Response To Nationalist Ferment (Record no. 13555)

MARC details
000 -LEADER
fixed length control field 003750000a22001570004500
001 - CONTROL NUMBER
control field 001636
003 - CONTROL NUMBER IDENTIFIER
control field MACL
040 ## - CATALOGING SOURCE
Original cataloging agency MACL
090 ## - LOCALLY ASSIGNED LC-TYPE CALL NUMBER (OCLC); LOCAL CALL NUMBER (RLIN)
-- 13629
-- 13628
100 ## - MAIN ENTRY--PERSONAL NAME
Personal name Chakravarty, Papia
245 ## - TITLE STATEMENT
Title Hindu Response To Nationalist Ferment
Remainder of title Bengal 19091̜935
Statement of responsibility, etc. Papia Chakravarty
260 ## - PUBLICATION, DISTRIBUTION, ETC. (IMPRINT)
Place of publication, distribution, etc. Subarnarekha,
Date of publication, distribution, etc. 1992
350 ## - PRICE (NR) (BK AM CF MU VM SE) [OBSOLETE]
Price 300
650 ## - SUBJECT ADDED ENTRY--TOPICAL TERM
Topical term or geographic name as entry element Religion
942 ## - ADDED ENTRY ELEMENTS (KOHA)
Call number prefix 295
Koha item type Library Membar
Holdings
Withdrawn status Lost status Source of classification or shelving scheme Damaged status Not for loan Home library Current library Date acquired Cost, normal purchase price Total Checkouts Full call number Barcode Date last seen Uniform Resource Identifier Price effective from Koha item type
          MACL MACL 15/04/2015 300.00   294.5/CHA CRE010657 02/05/2024 13431 15/04/2015 Books